Cristianismo y democracia
Guardat en:
| Autor principal: | |
|---|---|
| Format: | Llibre |
| Idioma: | espanyol |
| Publicat: |
Santiago
Instituto Chileno de Estudios Humanísticos
1974
|
| Matèries: | |
| Etiquetes: |
Afegir etiqueta
Sense etiquetes, Sigues el primer a etiquetar aquest registre!
|
MARC
| LEADER | 00000nam a2200000 a 4500 | ||
|---|---|---|---|
| 001 | UCT6425 | ||
| 003 | CL-VaPUC | ||
| 008 | 970113e19740000CL |||||||||||||||||spa|d | ||
| 082 | 0 | 4 | |a 144 |b MAR |2 21 |
| 100 | |a Maritain, Jacques |e autor |9 255680 | ||
| 245 | 1 | 0 | |a Cristianismo y democracia |
| 246 | 1 | 0 | |a Humanismo integral |
| 246 | 1 | 3 | |a El hombre y el estado |
| 300 | |a p. irreg | ||
| 942 | |c BK | ||
| 945 | |d 19970113 00:00:00 |a rbrito | ||
| 260 | |a Santiago |b Instituto Chileno de Estudios Humanísticos |c 1974 | ||
| 650 | 0 | |a Humanismo cristiano |9 257489 | |
| 650 | 0 | |a Filosofía cristiana |9 265980 | |
| 650 | 0 | |a Humanismo |9 256530 | |
| 650 | 0 | |a Democracia |9 255256 | |
| 650 | 7 | |a HOMBRE |2 CL-VaPUC |9 262149 | |
| 583 | |a last modification |c 19970113 00:00:00 |k Rodrigo Vera | ||
| 999 | |c 255132 |d 255130 | ||
| 952 | |0 0 |1 0 |4 0 |6 144_000000000000000_MAR_1974 |7 0 |8 A |9 277239 |a BIBTEO |b BIBTEO |d 2019-11-19 |i 2010151 |l 1 |o 144 MAR 1974 |p 2010151 |r 2025-01-17 |s 2023-04-04 |w 2019-11-19 |y BK |k ICR | ||